| 000 | 00729nam a2200289 a 4500 | ||
|---|---|---|---|
| 003 | AR-BaBNM | ||
| 005 | 20251128203721.0 | ||
| 008 | 082120s2002 ||||||||||||||000 | spa|| | ||
| 040 | _cAR-BaBNM | ||
| 100 | 1 | _aSeton, Anya | |
| 245 | 0 | 0 | _aWashington Irving |
| 260 |
_aBuenos Aires _bPlaza & Janés _c1964 |
||
| 300 |
_a143 p. _bil. |
||
| 650 | 4 | _aBIOGRAFIAS | |
| 650 | 4 | _aLITERATURA ESTADOUNIDENSE | |
| 650 | 4 | _aVIDA LITERARIA | |
| 650 | 4 | _aCRITICA LITERARIA | |
| 650 | 4 | _aESCRITORES | |
| 650 | 4 | _aSIGLO DIECINUEVE | |
| 653 | _aNARRATIVA | ||
| 655 | _aLITERATURA | ||
| 655 | _aBIOGRAFIAS | ||
| 700 | 1 |
_aVosburgh, L. _eilustrador |
|
| 700 | 1 |
_aBarberá, Nélida Dora _etraductor |
|
| 942 | _cBK | ||
| 998 | _cMARTIN | ||
| 999 |
_c4618 _d4618 |
||